[Event "N4 EVT-Loures Barousse"]
[Site "Loures Barousse"]
[Date "2006.12.03"]
[Round "6"]
[White "Bricard, Hervé"]
[Black "Saubiette, Jean-Michel"]
[Result "1/2-1/2"]
[WhiteElo "2079"]
[BlackElo "1770"]
[EventDate "2006.??.??"]
[PlyCount "93"]

1.e4 e5 2.Bc4 Nf6 3.d3 d5 4.exd5 Nxd5 5.Qf3 Nf6 6.Nc3 Nc6 7.Nge2 Be7 8.O-O
O-O 9.Ne4 Nxe4 10.dxe4 Qd6 11.c3 Be6 12.Bb3 Bxb3 13.axb3 a5 14.Be3 Rfd8 
15.Rae1 Qe6 16.Nc1 Rd7 17.Rd1 Rad8 18.Rxd7 Rxd7 19.Rd1 Nb8 20.Rd5 Rxd5 21.
exd5 Qd6 22.c4 Nd7 23.h3 b6 24.g4 Qg6 25.Kf1 h6 26.Qe2 Qf6 27.Bd2 Bd6 28.
Nd3 Qe7 29.f3 Nc5 30.Nxc5 Bxc5 31.Kg2 Qf6 32.Bc3 Bd4 33.Bxd4 exd4 34.Qe8+ 
Kh7 35.Qe4+ g6 36.Kg3 Kg7 37.Kf2 d3 38.Qxd3 Qxb2+ 39.Kg3 Qe5+ 40.f4 Qe1+ 
41.Kg2 Qe7 42.Qd4+ f6 43.Kf3 Qe1 44.Qe3 Qb4 45.Qd3 Qa3 46.Qe3 Qb4 47.Qd3 
1/2-1/2

[Event "N4 EVT-Loures Barousse"]
[Site "Loures Barousse"]
[Date "2006.12.03"]
[Round "6"]
[White "Alonso, Jésus"]
[Black "Knecht, Alain"]
[Result "0-1"]
[WhiteElo "1830"]
[BlackElo "1999"]
[EventDate "2006.??.??"]
[PlyCount "84"]

1.e4 e5 2.Bc4 Nf6 3.Nc3 Bc5 4.Nf3 d6 5.d4 exd4 6.Nxd4 O-O 7.Bg5 h6 8.Bh4 
c6 9.a4 Nbd7 10.O-O Ne5 11.Be2 Ng6 12.Bg3 Re8 13.Bf3 Ne5 14.Bxe5 dxe5 15.
Nb3 Qe7 16.Qe2 Be6 17.Nxc5 Qxc5 18.Rfd1 Rad8 19.Qe3 Qxe3 20.fxe3 Kf8 21.h3
Ke7 22.Kf2 h5 23.b3 g5 24.Be2 a5 25.Bd3 Rg8 26.Ne2 h4 27.Rab1 g4 28.Ng1 
gxh3 29.gxh3 Rg3 30.Nf3 Rxh3 31.Nxe5 Rg8 32.Rh1 Rxh1 33.Rxh1 h3 34.Kf3 Nh5
35.Bc4 Rg3+ 36.Ke2 Rg2+ 37.Kf3 Rg3+ 38.Ke2 Rg5 39.Bxe6 Ng3+ 40.Kf3 Nxh1 
41.Kf4 Kxe6 42.Nxf7 Kxf7 0-1

[Event "N4 Colomiers1-Tournefeuille2"]
[Site "Colomiers"]
[Date "2006.12.03"]
[Round "6.8"]
[White "Treinsoutrot, Victor"]
[Black "Ranc, Florian"]
[Result "1-0"]
[WhiteElo "1650"]
[BlackElo "1200"]
[EventDate "2006.??.??"]
[PlyCount "77"]

1.d4 e6 2.c4 c5 3.e3 Nf6 4.Nc3 cxd4 5.exd4 d6 6.Nf3 Be7 7.Bf4 Bd7 8.Be2 
O-O 9.O-O Na6 10.d5 Nc7 11.dxe6 Bxe6 12.Ng5 Bf5 13.Bf3 Rb8 14.Re1 Nfe8 15.
Qd2 Ne6 16.Nxe6 Bxe6 17.Bd5 Nc7 18.Rad1 Qc8 19.Bxe6 Nxe6 20.Bxd6 Rd8 21.c5
Bf8 22.Qe3 Ra8 23.b4 b6 24.Bxf8 Rxf8 25.cxb6 axb6 26.Nd5 Qd8 27.Nxb6 Rxa2 
28.Rxd8 Rxd8 29.h3 Rdd2 30.Qg3 h6 31.Nc4 Rxf2 32.Qxf2 Rxf2 33.Kxf2 Kf8 34.
b5 Ke7 35.b6 Kd7 36.b7 Kc7 37.Rb1 Kb8 38.Ne5 Nc5 39.Nc6+ 1-0

[Event "N4 Colomiers1-Tournefeuille2"]
[Site "Colomiers"]
[Date "2006.12.03"]
[Round "6.7"]
[White "Blesing, Alicia"]
[Black "Pinault, Ronan"]
[Result "0-1"]
[WhiteElo "1710"]
[BlackElo "1770"]
[EventDate "2006.??.??"]
[PlyCount "68"]

1.e4 e6 2.d4 d5 3.exd5 exd5 4.Nf3 Bd6 5.Be2 Ne7 6.O-O O-O 7.Bg5 Nd7 8.Nc3 
c6 9.Qd2 f5 10.Rfe1 Qc7 11.Bd3 Nf6 12.h3 Ne4 13.Qe2 Ng6 14.Bxe4 fxe4 15.
Nd2 Bf4 16.Bxf4 Nxf4 17.Qe3 Rf6 18.Ne2 Bd7 19.Nxf4 Rxf4 20.Qg3 Raf8 21.Re2
Be8 22.Nf1 Bh5 23.Rd2 R8f6 24.Qe3 Qf7 25.g4 Bg6 26.Qg3 h5 27.g5 R6f5 28.
Ne3 Rf3 29.Qb8+ Kh7 30.Nxf5 Qxf5 31.h4 Qg4+ 32.Kf1 Qh3+ 33.Ke2 e3 34.fxe3 
Qg2+ 0-1

[Event "N4 Colomiers1-Tournefeuille2"]
[Site "Colomiers"]
[Date "2006.12.03"]
[Round "6.6"]
[White "Jacquart, Christian"]
[Black "Blesing, René"]
[Result "1/2-1/2"]
[WhiteElo "1840"]
[BlackElo "1750"]
[EventDate "2006.??.??"]
[PlyCount "145"]

1.d4 Nf6 2.Nf3 g6 3.Bf4 Bg7 4.Nbd2 d6 5.e4 Nh5 6.Bg5 c5 7.c3 Qb6 8.Be3 Bg4
9.Nc4 Qc7 10.h3 Bd7 11.Bd3 b5 12.Ncd2 c4 13.Be2 Nf6 14.a4 O-O 15.axb5 Bxb5
16.b3 d5 17.e5 Nfd7 18.bxc4 dxc4 19.O-O Nb6 20.Ne4 Nc6 21.Nc5 Nd5 22.Bd2 
Rfd8 23.e6 f6 24.Qb1 a6 25.Bd1 Nf4 26.Bxf4 Qxf4 27.Re1 f5 28.Be2 Rd5 29.
Nd7 Qc7 30.Qa2 Nd8 31.Nc5 Rxc5 32.dxc5 Bxc3 33.Bxc4 Bxc4 34.Qxc4 Bxa1 35.
Rxa1 a5 36.Ng5 Qe5 37.Qa4 Nxe6 38.Nxe6 Qxe6 39.Rd1 Ra6 40.Rd8+ Kg7 41.Qe8 
Qf7 42.Qb5 Qf6 43.Qe8 Re6 44.Qh8+ Kh6 45.Qxf6 Rxf6 46.Ra8 Kg7 47.Rxa5 Kf7 
48.Rb5 Rc6 49.Kf1 Ke6 50.g4 h6 51.gxf5+ gxf5 52.Kg2 Kd5 53.f4 Rxc5 54.Rb6 
Ke4 55.Rb4+ Kd5 56.Rb6 Rc6 57.Rb5+ Rc5 58.Rb6 e6 59.Kg3 Rc3+ 60.Kg2 Rc4 
61.Kf3 Rc3+ 62.Kg2 h5 63.Ra6 h4 64.Ra5+ Kd6 65.Ra6+ Ke7 66.Ra7+ Kf6 67.Rh7
e5 68.fxe5+ Kg5 69.e6 Re3 70.e7 f4 71.Kf2 Re6 72.Kf3 Re3+ 73.Kf2 1/2-1/2

[Event "N4 Colomiers1-Tournefeuille2"]
[Site "Colomiers"]
[Date "2006.12.03"]
[Round "6.4"]
[White "Roques, Pascal"]
[Black "Moiseyev, Vlas"]
[Result "1-0"]
[WhiteElo "2050"]
[BlackElo "1840"]
[EventDate "2006.??.??"]
[PlyCount "87"]

1.Nc3 d5 2.e4 dxe4 3.Nxe4 Nf6 4.Ng3 e5 5.Bc4 Bc5 6.Nf3 Nc6 7.O-O O-O 8.d3 
h6 9.c3 Bg4 10.b4 Bb6 11.h3 Bxf3 12.Qxf3 e4 13.Nxe4 Nxe4 14.Qxe4 Qf6 15.d4
Rfe8 16.Qf4 Qg6 17.Qf3 Re7 18.a4 a5 19.b5 Nd8 20.Ba3 Re8 21.Rae1 Ne6 22.
Bd3 Ng5 23.Bxg6 Nxf3+ 24.gxf3 fxg6 25.Re3 Kf7 26.Rfe1 Rad8 27.Rxe8 Rxe8 
28.Rxe8 Kxe8 29.Kf1 Kd7 30.Ke2 h5 31.Kd3 Ke6 32.Ke4 c6 33.c4 Bd8 34.Bc1 
Be7 35.c5 cxb5 36.axb5 a4 37.Ba3 Bd8 38.d5+ Kd7 39.c6+ bxc6 40.bxc6+ Kc7 
41.Bc5 Bf6 42.Kd3 Bb2 43.Kc4 a3 44.Kb3 1-0

[Event "N4 Colomiers1-Tournefeuille2"]
[Site "Colomiers"]
[Date "2006.12.03"]
[Round "6.3"]
[White "Artis, François"]
[Black "De Barros, Frédéric"]
[Result "0-1"]
[WhiteElo "1770"]
[BlackElo "2077"]
[EventDate "2006.??.??"]
[PlyCount "52"]

1.e4 Nf6 2.Nc3 d5 3.e5 Nfd7 4.f4 c5 5.Nxd5 Nxe5 6.Nc3 Ng6 7.d3 Nc6 8.Be2 
e6 9.Nf3 Be7 10.Be3 O-O 11.Qd2 Nd4 12.Bd1 b6 13.Qf2 Bb7 14.Ne4 Nf5 15.Bd2 
c4 16.Be2 Rc8 17.Ne5 Nxe5 18.fxe5 Bxe4 19.dxe4 Bc5 20.Qf3 Nd4 21.Qc3 Bb4 
22.Qxb4 Nxc2+ 23.Kf2 Nxb4 24.Bxb4 Qd4+ 25.Kf3 f5 26.Rhd1 fxe4+ 0-1

[Event "N4 Colomiers1-Tournefeuille2"]
[Site "Colomiers"]
[Date "2006.12.03"]
[Round "6.2"]
[White "Casella, Laurent"]
[Black "Durbize, Patrick"]
[Result "1-0"]
[WhiteElo "2028"]
[BlackElo "1960"]
[EventDate "2006.??.??"]
[PlyCount "51"]

1.e4 e5 2.d4 exd4 3.Qxd4 Nc6 4.Qe3 d6 5.Bd2 Qe7 6.Nc3 Nf6 7.O-O-O Be6 8.f4
Ng4 9.Qg3 Nf6 10.h3 g6 11.Qf2 O-O-O 12.f5 Bd7 13.Bd3 Bg7 14.g4 Qe5 15.Nf3 
Qa5 16.g5 Nh5 17.f6 Bf8 18.Kb1 Ne5 19.Nxe5 Qxe5 20.Qxa7 Bc6 21.Be2 Kd7 22.
Bg4+ Ke8 23.Nd5 Bh6 24.gxh6 Nxf6 25.Nxf6+ Qxf6 26.Bc3 1-0

[Event "N4 Colomiers1-Tournefeuille2"]
[Site "Colomiers"]
[Date "2006.12.03"]
[Round "6.1"]
[White "Hantisse, Alain"]
[Black "Aguirre, Simon"]
[Result "0-1"]
[WhiteElo "1990"]
[BlackElo "2241"]
[EventDate "2006.??.??"]
[PlyCount "74"]

1.e4 c5 2.Nf3 d6 3.d4 cxd4 4.Nxd4 Nf6 5.Nc3 a6 6.Be2 e6 7.O-O Be7 8.Kh1 
Qc7 9.Be3 b5 10.a3 Bb7 11.Bf3 Nbd7 12.Re1 O-O 13.g4 Ne5 14.g5 Nfd7 15.Bg2 
Nc4 16.Bc1 Ndb6 17.Qd3 Rac8 18.h4 Rfd8 19.Qg3 d5 20.e5 Nxa3 21.h5 g6 22.
Bh3 Nxc2 23.Nxe6 fxe6 24.Bxe6+ Kg7 25.Bf4 Nxa1 26.h6+ Kh8 27.Bxc8 Qxc8 28.
e6 d4+ 29.Kh2 dxc3 30.Bc7 Kg8 31.Qxc3 Qxc7+ 32.Qxc7 Bd6+ 33.Qxd6 Rxd6 34.
e7 Bc6 35.Rxa1 Na4 36.b3 Re6 37.Rc1 Kf7 0-1

[Event "N4 Castel Moissac-Lardenne"]
[Site "Lardenne"]
[Date "2006.12.03"]
[Round "6"]
[White "Strub, Bruno"]
[Black "Carteron, Olivier"]
[Result "0-1"]
[WhiteElo "1499"]
[BlackElo "1450"]
[EventDate "2006.??.??"]
[PlyCount "62"]

1.e4 e5 2.Nf3 Nc6 3.Bc4 Nf6 4.d3 h6 5.c3 d6 6.O-O Bd7 7.Nbd2 Na5 8.Qc2 
Nxc4 9.Nxc4 b5 10.Ne3 Bc6 11.b4 Bb7 12.Bb2 Nh5 13.a4 c6 14.axb5 cxb5 15.
Rfd1 a6 16.Qb3 Nf4 17.c4 Be7 18.cxb5 axb5 19.Rxa8 Bxa8 20.Nf5 O-O 21.Nxe7+
Qxe7 22.Re1 Kh7 23.d4 f6 24.Nh4 g6 25.Qg3 Rc8 26.dxe5 dxe5 27.Bc1 Rxc1 28.
Qe3 Rxe1+ 29.Qxe1 Nd3 30.Qe2 Qd7 31.Qg4 Qxg4 0-1

[Event "N4 Castel Moissac-Lardenne"]
[Site "Lardenne"]
[Date "2006.12.03"]
[Round "6"]
[White "Riviere, Frederic"]
[Black "Muratet, Lucas"]
[Result "1/2-1/2"]
[WhiteElo "1860"]
[BlackElo "1830"]
[EventDate "2006.??.??"]
[PlyCount "65"]

1.e4 c5 2.Nf3 d6 3.d4 cxd4 4.Nxd4 Nf6 5.Nc3 a6 6.Be2 e6 7.O-O Be7 8.Kh1 
Nbd7 9.f4 b5 10.Nc6 Qc7 11.Nxe7 Kxe7 12.f5 b4 13.fxe6 fxe6 14.Na4 Bb7 15.
Bf3 Bxe4 16.Bxe4 Nxe4 17.Qg4 Raf8 18.Qxg7+ Ke8 19.Bh6 Rfg8 20.Qf7+ Kd8 21.
Rae1 Qxc2 22.Qf3 Ndf6 23.Nb6 Rg6 24.Rc1 Qxb2 25.Rc8+ Ke7 26.Rc7+ Kd8 27.
Rfc1 Ng3+ 28.hxg3 Rxh6+ 29.Kg1 Qd4+ 30.Kf1 Rh1+ 31.Ke2 Rxc1 32.Rxc1 Qb2+ 
33.Kd1 1/2-1/2

[Event "N4 Castel Moissac-Lardenne"]
[Site "Lardenne"]
[Date "2006.12.03"]
[Round "6"]
[White "Reynes, Philippe"]
[Black "Catala, Laurent"]
[Result "1/2-1/2"]
[WhiteElo "1810"]
[BlackElo "1860"]
[EventDate "2006.??.??"]
[PlyCount "68"]

1.g4 d5 2.Bg2 Bxg4 3.c4 c6 4.cxd5 Qc7 5.Nc3 Nf6 6.Qb3 e6 7.dxc6 Nxc6 8.e3 
Be7 9.d4 O-O 10.Nf3 a6 11.Bd2 Na5 12.Qd1 Nc4 13.Qb3 Rac8 14.Rc1 b5 15.Ne2 
Ne4 16.Bb4 Bxb4+ 17.Qxb4 Qb6 18.Ne5 Nxe5 19.dxe5 Rxc1+ 20.Nxc1 Rc8 21.Qxe4
Rxc1+ 22.Kd2 Rc8 23.Qxg4 Qa5+ 24.Ke2 Qxa2 25.Qd4 g6 26.Rd1 Rc4 27.Qd8+ Kg7
28.Qf6+ Kh6 29.Rd2 Rc7 30.Qf4+ Kg7 31.Qf6+ Kh6 32.Qh4+ Kg7 33.Qf6+ Kh6 34.
Be4 Qc4+ 1/2-1/2

[Event "N4 Castel Moissac-Lardenne"]
[Site "Lardenne"]
[Date "2006.12.03"]
[Round "6"]
[White "Raynaud, Pascal"]
[Black "Vainguier, Guillaume"]
[Result "0-1"]
[WhiteElo "1700"]
[BlackElo "1770"]
[EventDate "2006.??.??"]
[PlyCount "102"]

1.c4 Nf6 2.Nc3 e6 3.Nf3 d5 4.cxd5 Nxd5 5.e4 Nb6 6.d4 Be7 7.Be2 Bd7 8.O-O 
O-O 9.Be3 a6 10.Qc2 Nc6 11.a3 f6 12.Rfd1 Qe8 13.e5 Nd5 14.Nxd5 exd5 15.
exf6 Bxf6 16.Bg5 Bxg5 17.Nxg5 Bf5 18.Bd3 Qg6 19.Bxf5 Rxf5 20.Nf3 Rg5 21.
Qxg6 Rxg6 22.Re1 Rg4 23.Rad1 Rf8 24.Kf1 h6 25.Rd3 Re4 26.Red1 Kf7 27.Ne5+ 
Nxe5 28.dxe5 c6 29.Rf3+ Ke7 30.Rxf8 Kxf8 31.Re1 Ke7 32.g3 c5 33.f4 Rd4 34.
Ke2 g6 35.Rc1 c4 36.b3 b5 37.bxc4 dxc4 38.Rc3 Ke6 39.Ke3 Kd5 40.Kf3 g5 41.
Kg4 Ke6 42.Kf3 gxf4 43.gxf4 Kf5 44.Re3 Rxf4+ 45.Ke2 Ke6 46.Kd2 Rf2+ 47.Kc3
a5 48.Rh3 Rf5 49.Rxh6+ Kxe5 50.Ra6 Rf3+ 51.Kd2 Rxa3 0-1

[Event "N4 Castel Moissac-Lardenne"]
[Site "Lardenne"]
[Date "2006.12.03"]
[Round "6"]
[White "Lacroix, Romain"]
[Black "Parpinel, Mario"]
[Result "1/2-1/2"]
[WhiteElo "2068"]
[BlackElo "1800"]
[EventDate "2006.??.??"]
[PlyCount "77"]

1.e4 e5 2.Nf3 Nc6 3.Bc4 Bc5 4.c3 Nf6 5.d3 O-O 6.b4 Bd6 7.Bg5 a6 8.O-O Be7 
9.Nbd2 d6 10.a4 Be6 11.Qb3 Bxc4 12.Qxc4 Nh5 13.Bxe7 Nxe7 14.d4 exd4 15.
Nxd4 d5 16.exd5 Nxd5 17.Ne4 Nhf6 18.Nc5 Qc8 19.Rad1 c6 20.Rfe1 b5 21.Qd3 
bxa4 22.Nxa4 a5 23.b5 cxb5 24.Nxb5 Qg4 25.Nd4 h5 26.h3 Qg5 27.Nf3 Qf4 28.
c4 Nb4 29.Qd4 Qxd4 30.Nxd4 Rfd8 31.Nb3 Rxd1 32.Rxd1 Kf8 33.c5 Ke7 34.Nb6 
Ra6 35.Ra1 Nc6 36.Ra4 Ke6 37.Kf1 Nd5 38.Re4+ Kf5 39.Rc4 1/2-1/2

[Event "N4 Castel Moissac-Lardenne"]
[Site "Lardenne"]
[Date "2006.12.03"]
[Round "6"]
[White "Dirat, Sylvain"]
[Black "Crespin, Philippe"]
[Result "1-0"]
[WhiteElo "1790"]
[BlackElo "1499"]
[EventDate "2006.??.??"]
[PlyCount "67"]

1.d4 d5 2.Bg5 Nf6 3.Nc3 Nc6 4.e3 Bf5 5.Bd3 Bxd3 6.cxd3 e6 7.Nf3 Be7 8.O-O 
O-O 9.Ne5 Nxe5 10.dxe5 Nd7 11.Bxe7 Qxe7 12.d4 c6 13.Qb3 Nb6 14.Na4 Nc4 15.
Rfc1 Nd2 16.Qd3 Ne4 17.f3 Qb4 18.b3 b5 19.fxe4 bxa4 20.Rxc6 dxe4 21.Qc3 
Qxc3 22.Rxc3 axb3 23.axb3 Rfb8 24.Kf2 g5 25.Kg3 h5 26.h4 g4 27.Kf4 Kh7 28.
Kg5 Rg8+ 29.Kxh5 Rg6 30.Rf1 Kg7 31.Rxf7+ Kxf7 32.Rc7+ Kg8 33.Kxg6 Rf8 34.
Rxa7 1-0

[Event "N4 Castel Moissac-Lardenne"]
[Site "Lardenne"]
[Date "2006.12.03"]
[Round "6"]
[White "Chakir, Khalid"]
[Black "Sangoi, Jean-Jacques"]
[Result "0-1"]
[WhiteElo "1499"]
[BlackElo "1750"]
[EventDate "2006.??.??"]
[PlyCount "78"]

1.e4 c5 2.Nf3 Nc6 3.Nc3 d6 4.a3 Bg4 5.Bb5 a6 6.Bxc6+ bxc6 7.O-O e5 8.d3 
Be7 9.h3 Be6 10.Nh2 g5 11.Na4 h5 12.c4 a5 13.f3 Qb8 14.Be3 Bd8 15.Qd2 f6 
16.Nc3 Ne7 17.a4 Ng6 18.Ne2 Nf4 19.Nxf4 gxf4 20.Bf2 Rg8 21.Qe1 Bxh3 22.g3 
fxg3 23.Bxg3 h4 24.Ng4 hxg3 25.Qxg3 Bxg4 26.fxg4 Qc8 27.Rf5 Ra7 28.Kg2 
Rag7 29.Kf3 Rxg4 30.Qxg4 Rxg4 31.Kxg4 Qb7 32.Rh1 Qxb2 33.Rh8+ Kd7 34.Rf3 
Qe2 35.Kg3 Qd1 36.Rh7+ Be7 37.Kg4 Ke6 38.Rg7 Qxa4 39.Rh3 Qc2 0-1

[Event "N4 Castel Moissac-Lardenne"]
[Site "Lardenne"]
[Date "2006.12.03"]
[Round "6"]
[White "Cebollero, Daniel"]
[Black "Druet, Alain"]
[Result "0-1"]
[WhiteElo "1630"]
[BlackElo "1499"]
[EventDate "2006.??.??"]
[PlyCount "71"]

1.d4 d5 2.c4 Nf6 3.Nc3 e6 4.a3 Be7 5.Bf4 a6 6.Nf3 Nc6 7.e3 Nh5 8.Be5 f6 9.
Nh4 g6 10.Bf4 Nxf4 11.exf4 Qd6 12.Qd2 Na7 13.Be2 Bd7 14.O-O O-O-O 15.b4 c6
16.c5 Qc7 17.Nf3 h6 18.g3 g5 19.fxg5 hxg5 20.Kg2 e5 21.h4 e4 22.Nh2 gxh4 
23.Bg4 f5 24.Bh3 Rdg8 25.Ne2 Bg5 26.Qc3 e3 27.fxe3 hxg3 28.Nf3 Kb8 29.Ne5 
Be6 30.Nf4 Bxf4 31.exf4 Nb5 32.Qe3 Ka7 33.Rf3 Rxh3 34.Kxh3 Qh7+ 35.Kg2 
Qh2+ 36.Kf1 {illisible} 0-1

[Event "N4 Cahors-Blaye"]
[Site "Blaye les mines"]
[Date "2006.12.03"]
[Round "6"]
[White "Valade, Patrick"]
[Black "Montreuille, Pierre"]
[Result "0-1"]
[WhiteElo "1620"]
[BlackElo "1540"]
[EventDate "2006.??.??"]
[PlyCount "40"]

1.e4 c5 2.Nf3 d6 3.d4 cxd4 4.Nxd4 Nf6 5.Nc3 e5 6.Nf3 a6 7.Bg5 Be7 8.Bc4 
O-O 9.Be3 Ng4 10.Bd2 Nc6 11.Nd5 Kh8 12.h3 Nf6 13.Nxe7 Qxe7 14.Ng5 h6 15.
Nxf7+ Rxf7 16.Bxf7 Qxf7 17.f3 Be6 18.a3 Qg6 19.Rg1 Qg3+ 20.Kf1 Bc4+ 0-1

[Event "N4 Cahors-Blaye"]
[Site "Blaye les mines"]
[Date "2006.12.03"]
[Round "6"]
[White "Rouqual, Guy"]
[Black "Valat, Jean-Marie"]
[Result "1-0"]
[WhiteElo "1660"]
[BlackElo "1710"]
[EventDate "2006.??.??"]
[PlyCount "121"]

1.d4 Nf6 2.Nf3 d5 3.e3 e6 4.Bd3 c5 5.c3 Nc6 6.Nbd2 Qc7 7.O-O c4 8.Bc2 Bd6 
9.e4 dxe4 10.Nxe4 Nxe4 11.Bxe4 Bd7 12.Qe2 b5 13.Bg5 h6 14.Bh4 f5 15.Bxf5 
Kf7 16.Be4 Rae8 17.Bg3 Rhf8 18.Nh4 Ne7 19.Qh5+ Kg8 20.Rae1 Nf5 21.Ng6 Rf6 
22.Be5 Bxe5 23.Nxe5 Ref8 24.Re2 Be8 25.Qh3 Ne7 26.Re3 Nc6 27.Nf3 Bd7 28.
Rfe1 Ne7 29.R3e2 Ng6 30.g3 Ne7 31.Ne5 Nf5 32.Nxd7 Qxd7 33.Bxf5 Rxf5 34.Qg2
Qd5 35.Qf1 R8f6 36.Qg2 a5 37.Rf1 b4 38.Qh3 Rh5 39.Qg2 bxc3 40.bxc3 Rhf5 
41.Rfe1 Kf7 42.Rb1 Qxg2+ 43.Kxg2 Rf3 44.Rc2 Rd3 45.Rb5 Rf5 46.Rb7+ Kg6 47.
Rc7 e5 48.dxe5 Rxe5 49.Rxc4 Rdd5 50.a4 Rc5 51.Rxc5 Rxc5 52.c4 Kf5 53.Kf3 
h5 54.Ke3 g5 55.Kd4 Re5 56.c5 Re4+ 57.Kd5 Rxa4 58.c6 Re4 59.c7 Re5+ 60.Kc6
Re6+ 61.Kd7 1-0

[Event "N4 Cahors-Blaye"]
[Site "Blaye les mines"]
[Date "2006.12.03"]
[Round "6"]
[White "Olle, Jean-Pierre"]
[Black "Thamier, Stephan"]
[Result "1-0"]
[WhiteElo "1750"]
[BlackElo "1910"]
[EventDate "2006.??.??"]
[PlyCount "141"]

1.e4 c5 2.Nf3 Nc6 3.d4 cxd4 4.Nxd4 e5 5.Nb5 a6 6.Nd6+ Bxd6 7.Qxd6 Qe7 8.
Qd1 Nf6 9.Nc3 h6 10.a3 O-O 11.Be3 d6 12.Be2 Be6 13.O-O Rad8 14.Bf3 Bc4 15.
Re1 Qd7 16.Bb6 Rc8 17.Be3 Ne8 18.Na4 Ne7 19.Nb6 Qc7 20.Nxc8 Qxc8 21.b3 Be6
22.c4 f5 23.exf5 Nxf5 24.Bd5 Nf6 25.Bxe6+ Qxe6 26.h3 g5 27.f3 Kg7 28.Bf2 
Rf7 29.Ra2 d5 30.Rae2 dxc4 31.Rxe5 Qc8 32.bxc4 Nd7 33.Rd5 Nf6 34.Bd4 Nxd4 
35.Qxd4 Kg6 36.Rd6 Qf5 37.Ree6 h5 38.c5 a5 39.Qc3 a4 40.Qd4 h4 41.Re5 Qf4 
42.Qxf4 gxf4 43.Re4 Kf5 44.Rxa4 Rc7 45.Rxf6+ Kxf6 46.Rxf4+ Kg5 47.Rg4+ Kh5
48.Rc4 b6 49.c6 Kg5 50.Kf2 Kf5 51.Rxh4 Rxc6 52.Rh5+ Kg6 53.Rb5 Kf6 54.g4 
Kg6 55.h4 Kh6 56.Kg3 Kg6 57.h5+ Kh7 58.g5 Kg7 59.Kg4 Rc3 60.Rxb6 Rxa3 61.
h6+ Kh8 62.Rb7 Rd3 63.g6 Rd4+ 64.f4 Rd8 65.Rf7 Kg8 66.Kg5 Rd5+ 67.Rf5 Rd7 
68.h7+ Kg7 69.Rf7+ Rxf7 70.gxf7 Kxh7 71.Kf6 1-0

[Event "N4 Cahors-Blaye"]
[Site "Blaye les mines"]
[Date "2006.12.03"]
[Round "6"]
[White "Nivat, Alain"]
[Black "Arlabosse, Nicolas"]
[Result "0-1"]
[WhiteElo "1886"]
[BlackElo "1857"]
[EventDate "2006.??.??"]
[PlyCount "66"]

1.e4 e5 2.Nf3 Nc6 3.Bc4 Bc5 4.b4 Bxb4 5.c3 Be7 6.d4 d6 7.Qb3 Na5 8.Bxf7+ 
Kf8 9.Qa4 Kxf7 10.Qxa5 exd4 11.cxd4 c6 12.Qd2 Be6 13.O-O h6 14.Bb2 Nf6 15.
e5 Nd5 16.Nc3 Rf8 17.Rfe1 Nxc3 18.Bxc3 Bd5 19.Qe2 Kg8 20.Nd2 Qc8 21.Nc4 
Qd7 22.Rab1 b5 23.Nxd6 Bxd6 24.exd6 Qxd6 25.Bb4 Qg6 26.g3 Rfe8 27.Qd2 Re4 
28.Rbd1 Qg4 29.Qd3 Rae8 30.Rxe4 Bxe4 31.Qb3+ Bd5 32.Qd3 Bc4 33.f3 Qh3 0-1

[Event "N4 Cahors-Blaye"]
[Site "Blaye les mines"]
[Date "2006.12.03"]
[Round "6"]
[White "Houmeau, Dominique"]
[Black "Grard, Alain"]
[Result "0-1"]
[WhiteElo "1550"]
[BlackElo "1680"]
[EventDate "2006.??.??"]
[PlyCount "52"]

1.e4 e5 2.Nf3 Nc6 3.Bc4 Nf6 4.d3 Be7 5.c3 d6 6.b4 Bd7 7.Qb3 O-O 8.Bg5 h6 
9.Bh4 Nh7 10.Bg3 Bg4 11.Nbd2 Ng5 12.Nxg5 Bxg5 13.Qc2 Kh8 14.f3 Bh5 15.Bf2 
Qe7 16.O-O Bf4 17.Kh1 Qg5 18.Rfd1 Ne7 19.Nf1 Qf6 20.Qe2 c6 21.Bg3 Ng6 22.
Qe1 Bg5 23.Ne3 Bxf3 24.gxf3 Qxf3+ 25.Kg1 Bxe3+ 26.Bf2 Nf4 0-1

[Event "N4 Cahors-Blaye"]
[Site "Blaye les mines"]
[Date "2006.12.03"]
[Round "6"]
[White "Gerothwohl, Tristan"]
[Black "Courceulles, Alex"]
[Result "0-1"]
[WhiteElo "1199"]
[BlackElo "1550"]
[EventDate "2006.??.??"]
[PlyCount "110"]

1.e4 e6 2.d4 d5 3.e5 c5 4.c3 Nc6 5.Nf3 Qb6 6.Nbd2 cxd4 7.cxd4 Nxd4 8.Nxd4 
Qxd4 9.Bb5+ Bd7 10.Qe2 Bb4 11.Rb1 Bc6 12.a3 Ba5 13.b4 Bc7 14.Nf3 Qc3+ 15.
Kf1 Bxb5 16.Qxb5+ Qc6 17.Nd4 Qxb5+ 18.Nxb5 Bxe5 19.Bb2 Bxb2 20.Nc7+ Kd7 
21.Nxa8 Be5 22.Re1 Bd6 23.g3 Nf6 24.Kg2 Rxa8 25.f3 a5 26.Rb1 axb4 27.axb4 
Ra4 28.b5 Rb4 29.Rxb4 Bxb4 30.Rb1 Bc5 31.b6 Kc6 32.g4 Bxb6 33.Rc1+ Bc5 34.
Kg3 b5 35.g5 Nd7 36.h4 b4 37.h5 g6 38.hxg6 hxg6 39.Rh1 Nf8 40.Rh2 Kb5 41.
Kf4 Bd4 42.Rd2 Kc4 43.Rc2+ Bc3 44.Ke3 b3 45.Rc1 b2 46.Rb1 Kb3 47.Kd3 d4 
48.f4 Ka2 49.Rh1 b1=Q+ 50.Rxb1 Kxb1 51.f5 exf5 52.Ke2 Kc2 53.Kf2 d3 54.Kg2
d2 55.Kf2 d1=Q 0-1

[Event "N4 Cahors-Blaye"]
[Site "Blaye les mines"]
[Date "2006.12.03"]
[Round "6"]
[White "Devals, Nicolas"]
[Black "Nouvel, Denis"]
[Result "1/2-1/2"]
[WhiteElo "1730"]
[BlackElo "1680"]
[EventDate "2006.??.??"]
[PlyCount "88"]

1.e4 e5 2.Nf3 Nc6 3.Bb5 Nd4 4.Bc4 Nf6 5.c3 Nxf3+ 6.Qxf3 c6 7.O-O Be7 8.d4 
d6 9.h3 O-O 10.dxe5 dxe5 11.Be3 b5 12.Rd1 Qc7 13.Bb3 Bb7 14.Nd2 c5 15.c4 
a6 16.Bg5 Rad8 17.Bxf6 Bxf6 18.a4 b4 19.Bc2 Bc8 20.Nf1 Be6 21.Ne3 Qe7 22.
Nd5 Bxd5 23.exd5 Rd6 24.Qe4 g6 25.Re1 Bg7 26.Qe3 Rc8 27.f4 e4 28.Qxe4 Qxe4
29.Rxe4 Bxb2 30.Rae1 Kf8 31.a5 Rdd8 32.Ba4 Bf6 33.Kf2 Rb8 34.Rb1 Rbc8 35.
g4 h6 36.Kg3 g5 37.f5 Be7 38.Rbe1 Bf6 39.Rf1 Rb8 40.Rf3 Rd6 41.Rd3 Rc8 42.
Re2 Rb8 43.Rb3 Rc8 44.Bc6 Rb8 1/2-1/2

[Event "N4 CEIT2-Tournefeuille3"]
[Site "CEIT"]
[Date "2006.12.03"]
[Round "6.8"]
[White "Pilo, Aymeric"]
[Black "Brauckmann, Hartwich"]
[Result "0-1"]
[WhiteElo "1040"]
[BlackElo "1750"]
[EventDate "2006.??.??"]
[PlyCount "104"]

1.d4 Nf6 2.e3 g6 3.c4 d6 4.Nf3 Bg7 5.g3 O-O 6.Bg2 Nbd7 7.O-O Rb8 8.Bh3 Ne4
9.Bxd7 Bxd7 10.Qc2 Nf6 11.Nc3 Bg4 12.Qe2 c6 13.c5 dxc5 14.dxc5 Nd5 15.Rd1 
Nxc3 16.bxc3 Qc7 17.e4 Rbd8 18.Rxd8 Rxd8 19.h3 Bxh3 20.Ng5 Bc8 21.Ba3 h6 
22.Nf3 Bg4 23.Qe3 Qa5 24.Qf4 Bxf3 25.Qxf3 Qxa3 26.Kg2 Qxc3 27.Qxc3 Bxc3 
28.Rb1 Rd7 29.Rb3 Bg7 30.a4 h5 31.Rb4 Kf8 32.a5 a6 33.Rb6 Bd4 34.e5 Bxe5 
35.f4 Bd4 36.Kf1 e6 37.Ke2 Ke8 38.Kd3 Bxc5+ 39.Kc4 Bxb6 40.Kb4 Bf2 41.Ka4 
Rd4+ 42.Kb3 Kd7 43.Kc3 Kd6 44.Kb2 Rc4 45.Kb3 Kd5 46.Kb2 Kd4 47.Kb3 Kd3 48.
Kb2 Bc5 49.Kb3 Rb4+ 50.Ka2 Kc2 51.Ka3 Rb2+ 52.Ka4 Ra2# 0-1

[Event "N4 CEIT2-Tournefeuille3"]
[Site "CEIT"]
[Date "2006.12.03"]
[Round "6.7"]
[White "Lassabe, Nicolas"]
[Black "Moisselin-Stoll, Simon"]
[Result "1-0"]
[WhiteElo "2012"]
[BlackElo "1270"]
[EventDate "2006.??.??"]
[PlyCount "53"]

1.e4 e5 2.f4 Nc6 3.Nf3 d6 4.Bc4 Bg4 5.d3 Bxf3 6.Qxf3 Nd4 7.Qf2 Nf6 8.Nc3 
Ng4 9.Qg3 Nxc2+ 10.Kd1 Nxa1 11.Qxg4 Qc8 12.Qf3 f6 13.f5 g6 14.h4 h5 15.Be6
Qd8 16.fxg6 Bh6 17.Qxh5 Bg7 18.Qf5 c6 19.h5 Qe7 20.h6 Kd8 21.Rh3 Bf8 22.g4
b5 23.g5 Bg7 24.Bf7 Kc7 25.hxg7 Rxh3 26.Qxh3 fxg5 27.Qe6 1-0

[Event "N4 CEIT2-Tournefeuille3"]
[Site "CEIT"]
[Date "2006.12.03"]
[Round "6.6"]
[White "Cabrit, Thibault"]
[Black "Bouhana, Paul-Alexandre"]
[Result "0-1"]
[WhiteElo "1270"]
[BlackElo "2012"]
[EventDate "2006.??.??"]
[PlyCount "64"]

1.e4 e5 2.Nf3 Nc6 3.d4 exd4 4.Bc4 Bc5 5.Ng5 Ne5 6.Qe2 h6 7.Nf3 Nxc4 8.Qxc4
d6 9.Nxd4 Nf6 10.Nc3 O-O 11.O-O Re8 12.Qd3 b6 13.f3 d5 14.Be3 dxe4 15.fxe4
Bb7 16.Rf4 Bd6 17.Rh4 Nd5 18.Nxd5 Qxh4 19.g3 Qxe4 20.Qxe4 Rxe4 21.Nxb6 
cxb6 22.Re1 Rae8 23.Kf2 Rxe3 24.Rxe3 Rxe3 25.Kxe3 Bc5 26.c3 Bxd4+ 27.cxd4 
Kf8 28.b4 Ke7 29.a4 Kd6 30.Kd3 Kd5 31.h4 g6 32.b5 f5 0-1

[Event "N4 CEIT2-Tournefeuille3"]
[Site "CEIT"]
[Date "2006.12.03"]
[Round "6.5"]
[White "Tesan, Michael"]
[Black "Pinault, Maylis"]
[Result "1-0"]
[WhiteElo "2070"]
[BlackElo "1440"]
[EventDate "2006.??.??"]
[PlyCount "75"]

1.e4 e5 2.Nf3 Nc6 3.Bb5 Nf6 4.O-O Be7 5.Re1 O-O 6.c3 d6 7.d4 exd4 8.cxd4 
a6 9.Bxc6 bxc6 10.h3 Re8 11.Bg5 d5 12.e5 Ne4 13.Bxe7 Qxe7 14.Nbd2 Nxd2 15.
Qxd2 Bf5 16.Rac1 Qd7 17.Qc3 Re6 18.Nd2 Rg6 19.Kh2 Qe7 20.Re3 Qg5 21.Rg3 
Qf4 22.Qe3 Qxe3 23.Rxe3 Rb8 24.Rb3 Rxb3 25.Nxb3 Be4 26.f3 Bd3 27.Nc5 Bb5 
28.a4 Bc4 29.b3 Be2 30.Re1 Bb5 31.axb5 cxb5 32.Ra1 h5 33.Rxa6 Rg5 34.f4 
Rf5 35.Nd3 h4 36.g4 hxg3+ 37.Kxg3 g5 38.Kg4 1-0

[Event "N4 CEIT2-Tournefeuille3"]
[Site "CEIT"]
[Date "2006.12.03"]
[Round "6.3"]
[White "Dhorne, Sebastien"]
[Black "Egea, Claude"]
[Result "1-0"]
[WhiteElo "2100"]
[BlackElo "1720"]
[EventDate "2006.??.??"]
[PlyCount "41"]

1.d4 d5 2.Nf3 Nf6 3.c4 c6 4.e3 e6 5.Nc3 Nbd7 6.Qc2 Be7 7.b3 O-O 8.Be2 Re8 
9.O-O b6 10.Rd1 Bb7 11.Bb2 Rc8 12.Rac1 c5 13.Ne5 cxd4 14.exd4 Qc7 15.Qd2 
Bb4 16.Qf4 Qb8 17.Rd3 Nf8 18.Rg3 Bd6 19.Qxf6 Bxe5 20.Rxg7+ Kh8 21.dxe5 1-0